Statistics for The most populous cities/districts in every counties/cities in Taiwan

Click here to take the quiz!

General Stats

  • This quiz has been taken 10 times
  • The average score is 16 of 22

Answer Stats

HintAnswer% Correct
New Taipei CityBanqiao District
100%
Taipei CityDa'an District
90%
Taoyuan CityTaoyuan District
90%
Changhua CountyChanghua City
80%
Hualien CountyHualien City
80%
Penghu CountyMagong City
80%
Lienjiang County(Mazu)Nangan Township(鄉)
80%
Pingtung CountyPingtung City
80%
Yilan CountyYilan City
80%
Yunlin CountyDouliu City
70%
Kinmen CountyJincheng Township(鎮)
70%
Nantou CountyNantou City
70%
Hsinchu CountyZhubei City
70%
Taichung CityBeitun District
60%
Hsinchu CityEast District
60%
Kaohsiung CityFengshan District
60%
Taitung CountyTaitung City
60%
Miaoli CountyToufen City
60%
Chiayi CityWest District
60%
Keelung CityAn'le District
50%
Chiayi CountyMinxiong Township(鄉)
50%
Tainan CityYongkang District
50%

Score Distribution

Percentile by Number Answered

Percent of People with Each Score

Your Score History

You have not taken this quiz